000
00192 a2200097 4500
020
_a
9780679843658
041
_a
eng
100
_a
Awdry, W
245
_a
Thomas and the school trip
942
_c
BK
999
_c
31675
_d
31673